Catálogo público

Fungal Families of the World / Paul F. Cannon, Paul M. Kirk (Record no. 217207)

MARC details
000 -CABECERA
campo de control de longitud fija 00681nam a2200229Ia 4500
001 - NÚMERO DE CONTROL
campo de control Para_9913
008 - DATOS DE LONGITUD FIJA--INFORMACIÓN GENERAL
campo de control de longitud fija 220602s9999 xx 000 0 und d
020 ## - NÚMERO INTERNACIONAL ESTÁNDAR DEL LIBRO
Número Internacional Estándar del Libro 978 - 0 - 85199 - 827 - 5
082 ## - NÚMERO DE LA CLASIFICACIÓN DECIMAL DEWEY
Número de clasificación PA 589.2 C36 2007
100 ## - ENTRADA PRINCIPAL--NOMBRE DE PERSONA
Nombre de persona Cannon, Paul F.
9 (RLIN) 185015
245 ## - MENCIÓN DE TÍTULO
Título Fungal Families of the World / Paul F. Cannon, Paul M. Kirk
260 ## - PUBLICACIÓN, DISTRIBUCIÓN, ETC.
Lugar de publicación, distribución, etc. Wallingford : CABI
300 ## - DESCRIPCIÓN FÍSICA
Extensión 456 p.
500 ## - NOTA GENERAL
Nota general Incluye referencias Bibliográficas
650 ## - PUNTO DE ACCESO ADICIONAL DE MATERIA--TÉRMINO DE MATERIA
Término de materia o nombre geográfico como elemento de entrada Micología \ Hongos
9 (RLIN) 185016
700 ## - PUNTO DE ACCESO ADICIONAL--NOMBRE DE PERSONA
Nombre de persona Kirk, Paul M.Ì
9 (RLIN) 185017
901 ## - ELEMENTOS DE DATOS A LOCAL LDA (RLIN)
a PA 589.2 C36 2007
902 ## - ELEMENTOS DE DATOS B LOCAL, LDB (RLIN)
a M
905 ## - ELEMENTOS DE DATOS E LOCAL, LDE (RLIN)
a 5222202007 8000000300 06
942 ## - ELEMENTOS DE PUNTO DE ACCESO ADICIONAL (KOHA)
Tipo de ítem Koha Libro_
Holdings
Estado de retiro Estado de pérdida Fuente del sistema de clasificación o colocación Estado dañado Restricciones de uso No para préstamo Código de colección Localización permanente Ubicación/localización actual Fecha de adquisición Número de inventario Total de préstamos Renovaciones totales Signatura topográfica completa Código de barras Fecha visto por última vez Fecha del último préstamo Número de copia Precio válido a partir de Tipo de ítem Koha Nota pública
    Dewey Decimal Classification   Préstamo 3 días   General Parasitologia Agricola Parasitologia Agricola 12/08/2014 (PA_010055) (No. UACh C/E) 5 5 PA 589.2 C36 2007 4102000625 24/02/2025 20/02/2025 Ej.2 02/06/2022 Libro 3
    Dewey Decimal Classification   Préstamo interno   General Parasitologia Agricola Parasitologia Agricola 01/08/2014 (PA_010054) (No. UACh C/E)     PA 589.2 C36 2007 4102000624 02/06/2022   Ej.1 02/06/2022 Libro 3